5HLuxD.jpg

KING HENRY VIII SENIOR AND PRIMARY SCHOOL LIBRARY OPAC

Usborne Spanish dictionary for beginners / (Record no. 434)

000 -LEADER
fixed length control field 01776pam a2200469 i 4500
001 - CONTROL NUMBER
control field 020485351
003 - CONTROL NUMBER IDENTIFIER
control field UkOxU
005 - DATE AND TIME OF LATEST TRANSACTION
control field 20190814143714.0
008 - FIXED-LENGTH DATA ELEMENTS--GENERAL INFORMATION
fixed length control field 150515s2015 enkab j 000 0|eng d
015 ## - NATIONAL BIBLIOGRAPHY NUMBER
National bibliography number GBB590202
Source bnb
016 7# - NATIONAL BIBLIOGRAPHIC AGENCY CONTROL NUMBER
Record control number 017436639
Source Uk
020 ## - INTERNATIONAL STANDARD BOOK NUMBER
International Standard Book Number 9781474903622
Qualifying information paperback
035 ## - SYSTEM CONTROL NUMBER
System control number (Uk)017436639
040 ## - CATALOGING SOURCE
Original cataloging agency StDuBDS
Language of cataloging eng
Description conventions rda
Transcribing agency StDuBDS
Modifying agency Uk
-- UkOxU
041 0# - LANGUAGE CODE
Language code of text/sound track or separate title eng
-- spa
042 ## - AUTHENTICATION CODE
Authentication code ukblsr
082 04 - DEWEY DECIMAL CLASSIFICATION NUMBER
Classification number 463.21 DAV
Edition number 23
100 1# - MAIN ENTRY--PERSONAL NAME
Personal name Davies, Helen,
Dates associated with a name 1954-
Relator term author.
240 10 - UNIFORM TITLE
Uniform title Usborne Internet-linked Spanish dictionary for beginners
245 10 - TITLE STATEMENT
Title Usborne Spanish dictionary for beginners /
Statement of responsibility, etc. Helen Davies ; illustrated by John Shackell ; designed by Brian Robertson ; edited by Nicole Irving.
246 13 - VARYING FORM OF TITLE
Title proper/short title Spanish dictionary for beginners
250 ## - EDITION STATEMENT
Edition statement [New edition].
264 #1 - PRODUCTION, PUBLICATION, DISTRIBUTION, MANUFACTURE, AND COPYRIGHT NOTICE
Place of production, publication, distribution, manufacture London :
Name of producer, publisher, distributor, manufacturer Usborne Publishing Ltd.,
Date of production, publication, distribution, manufacture, or copyright notice [2015?].
300 ## - PHYSICAL DESCRIPTION
Extent 128 pages :
Other physical details illustrations (colour), maps (colour) ;
Dimensions 21 cm
336 ## - CONTENT TYPE
Content type term text
Source rdacontent
336 ## - CONTENT TYPE
Content type term still image
Source rdacontent
337 ## - MEDIA TYPE
Media type term unmediated
Source rdamedia
338 ## - CARRIER TYPE
Carrier type term volume
Source rdacarrier
500 ## - GENERAL NOTE
General note "With pronunciation on the Internet"--Cover.
500 ## - GENERAL NOTE
General note Revised edition of: Usborne Internet-linked Spanish dictionary for beginners. 2009.
500 ## - GENERAL NOTE
General note Formerly CIP.
Institution to which field applies Uk
521 2# - TARGET AUDIENCE NOTE
Target audience note Key Stage 2.
546 ## - LANGUAGE NOTE
Language note Text in English and Spanish.
650 #0 - SUBJECT ADDED ENTRY--TOPICAL TERM
Topical term or geographic name entry element Spanish language
Form subdivision Dictionaries, Juvenile
General subdivision English.
650 #0 - SUBJECT ADDED ENTRY--TOPICAL TERM
Topical term or geographic name entry element English language
Form subdivision Dictionaries, Juvenile
General subdivision Spanish.
650 #0 - SUBJECT ADDED ENTRY--TOPICAL TERM
Topical term or geographic name entry element Picture dictionaries, Spanish
Form subdivision Juvenile literature.
650 #0 - SUBJECT ADDED ENTRY--TOPICAL TERM
Topical term or geographic name entry element Picture dictionaries, English
Form subdivision Juvenile literature.
700 1# - ADDED ENTRY--PERSONAL NAME
Personal name Shackell, John,
Relator term illustrator.
700 1# - ADDED ENTRY--PERSONAL NAME
Personal name Irving, Nicole,
Relator term editor.
942 ## - ADDED ENTRY ELEMENTS (KOHA)
Source of classification or shelving scheme
Koha item type Reference
Holdings
Withdrawn status Lost status Source of classification or shelving scheme Damaged status Not for loan Collection code Permanent Location Current Location Shelving location Date acquired Full call number Barcode Date last seen Price effective from Koha item type
          Reference KH8 Senior School Library KH8 Senior School Library Reference 2019-08-14 463.21 DAV 3KHSL000100290 2019-08-14 2019-08-14 Reference
          Teaching Resources KH8 Senior School Library KH8 Senior School Library Staff Office 2023-10-20 463.21 DAV TRKHSL004213 2023-10-20 2023-10-20 Teaching Resources

Powered By KH8 IT Dept